000
00239nam a2200109 a 4500
005
20141022142009.0
008
120229s19uu xx 00 eng d
050
_a
CD
_b
P974 200?
245
_a
Psychology.
260
_c
200?.
942
_c
AVM
999
_c
276677
_d
276677